FC Barcelona Squad 2017-2018 - Statistics

General Stats
  • This quiz has been taken 147 times
  • The average score is 20 of 27
Answer Stats
# Position Nation Player % Correct
1 GK Germany Marc-André ter Stegen
99%
3 DF Spain Gerard Piqué
98%
4 MF Croatia Ivan Rakitić
98%
10 FW Argentina Lionel Messi
98%
9 FW Uruguay Luis Suárez
97%
6 MF Spain Denis Suárez
96%
5 MF Spain Sergio Busquets
96%
11 FW France Ousmane Dembélé
93%
8 MF Spain Andrés Iniesta
90%
23 DF France Samuel Umtiti
88%
14 DF Argentina Javier Mascherano
86%
2 DF Portugal Nélson Semedo
84%
13 GK Netherlands Jasper Cillessen
82%
7 FW Turkey Arda Turan
81%
14 FW Brazil Philippe Coutinho
78%
18 DF Spain Jordi Alba
77%
21 MF Portugal André Gomes
69%
20 DF Spain Sergi Roberto
67%
25 DF Belgium Thomas Vermaelen
66%
- Coach Spain Ernesto Valverde
62%
12 MF Brazil Rafinha
61%
15 MF Brazil Paulinho
59%
24 DF Colombia Yerry Mina
56%
19 DF France Lucas Digne
39%
17 FW Spain Paco Alcácer
39%
22 FW Spain Aleix Vidal
36%
16 FW Spain Gerard Deulofeu
29%
No matching quizzes found
Score Distribution
Percent of People with Each Score
Percentile by Number Answered
Your Score History
You have not taken this quiz